[Event "HUN-chT2 Erkel 1819"]
[Site "Hungary"]
[Date "2019.04.28"]
[Round "9.8"]
[White "Szekely, Ferenc"]
[Black "Domany, Mihaly"]
[Result "1/2-1/2"]
[WhiteElo "2173"]
[BlackElo "2138"]
[PlyCount "122"]
[EventDate "2018.10.28"]
[EventType "team-tourn"]
[EventRounds "9"]
[EventCountry "HUN"]
[SourceTitle "EXT 2021"]
[Source "ChessBase"]
[SourceDate "2020.10.23"]
[SourceVersion "1"]
[SourceVersionDate "2020.10.23"]
[SourceQuality "1"]
[WhiteTeam "Budapest EAC"]
[BlackTeam "Gyongyos Energia"]
[WhiteTeamCountry "HUN"]
[BlackTeamCountry "HUN"]

1. e4 e5 2. f4 d5 3. exd5 exf4 4. Nf3 Qxd5 5. Nc3 Qa5 6. Bc4 Bd6 7. Nb5 Ne7 8. Nxd6+ cxd6 9. Qe2 Nbc6 10. 0-0 0-0 11. d4 Ng6 12. c3 Qh5 13. Qf2 Be6 14. Be2 Qh6 15. Ne1 Rae8 16. b3 Qg5 17. c4 Bg4 18. Bd3 Nb4 19. Bxg6 fxg6 20. Bxf4 Qh5 21. Qd2 Nc6 22. Nf3 Bxf3 23. Rxf3 g5 24. d5 Nd8 25. Bxd6 Rxf3 26. gxf3 Nf7 27. Bg3 Qxf3 28. Rf1 Qe3+ 29. Qxe3 Rxe3 30. Kf2 Re7 31. d6 Rd7 32. c5 h5 33. Ke3 h4 34. Be1 Nxd6 35. cxd6 Rxd6 36. Rf5 Re6+ 37. Kd2 Rd6+ 38. Kc2 Re6 39. Kd1 Rd6+ 40. Ke2 Re6+ 41. Kf1 Rg6 42. Kg2 Re6 43. Bc3 Re2+ 44. Rf2 Re4 45. Kf3 Rf4+ 46. Ke3 Rg4 47. Be5 Rg1 48. h3 Rh1 49. Bh2 Kh7 50. Kd4 Kg6 51. Kc5 Kh5 52. Kd6 g4 53. hxg4+ Kxg4 54. Kc7 g5 55. Bd6 Rd1 56. Rg2+ Kh5 57. Be7 g4 58. Rh2 h3 59. Bf6 Rf1 60. Be5 Kh4 61. Re2 Rf7+ 1/2-1/2

[Event "HUN-chT2 Erkel 1819"]
[Site "Hungary"]
[Date "2018.12.02"]
[Round "3.8"]
[White "Domany, Mihaly"]
[Black "Nadasi, Balazs"]
[Result "1/2-1/2"]
[WhiteElo "2138"]
[BlackElo "2130"]
[PlyCount "37"]
[EventDate "2018.10.28"]
[EventType "team-tourn"]
[EventRounds "9"]
[EventCountry "HUN"]
[SourceTitle "EXT 2021"]
[Source "ChessBase"]
[SourceDate "2020.10.23"]
[SourceVersion "1"]
[SourceVersionDate "2020.10.23"]
[SourceQuality "1"]
[WhiteTeam "Gyongyos Energia"]
[BlackTeam "Sarkany DSE"]
[WhiteTeamCountry "HUN"]
[BlackTeamCountry "HUN"]

1. e4 c5 2. Nf3 d6 3. d4 cxd4 4. Nxd4 Nf6 5. Nc3 g6 6. Be3 Bg7 7. f3 Nc6 8. Qd2 0-0 9. 0-0-0 d5 10. Nxc6 bxc6 11. exd5 Nxd5 12. Nxd5 cxd5 13. Qxd5 Qc7 14. Qc5 Qb8 15. Qa3 Bf5 16. Ba6 Qe5 17. Bd4 Qf4+ 18. Be3 Qe5 19. Bd4 1/2-1/2

[Event "HUN-chT2 Erkel 1819"]
[Site "Hungary"]
[Date "2018.10.28"]
[Round "1.8"]
[White "Domany, Mihaly"]
[Black "Nagy, Ferenc3333"]
[Result "1-0"]
[WhiteElo "2138"]
[BlackElo "1908"]
[PlyCount "109"]
[EventDate "2018.10.28"]
[EventType "team-tourn"]
[EventRounds "9"]
[EventCountry "HUN"]
[SourceTitle "EXT 2021"]
[Source "ChessBase"]
[SourceDate "2020.10.23"]
[SourceVersion "1"]
[SourceVersionDate "2020.10.23"]
[SourceQuality "1"]
[WhiteTeam "Gyongyos Energia"]
[BlackTeam "Andornaktalya"]
[WhiteTeamCountry "HUN"]
[BlackTeamCountry "HUN"]

1. d4 Nf6 2. e3 d6 3. f4 Nbd7 4. Nf3 g6 5. Bc4 Bg7 6. Bxf7+ Kxf7 7. Ng5+ Kg8 8. Ne6 Qe8 9. Nxc7 Qd8 10. Nxa8 Nf8 11. Qd3 Be6 12. e4 d5 13. e5 Ne4 14. Qa3 Qxa8 15. Qxe7 Qc8 16. 0-0 Qc4 17. Qa3 h5 18. Qd3 Qc6 19. c3 Nd7 20. Nd2 Bf5 21. Nxe4 Bxe4 22. Qe2 Nb6 23. Bd2 h4 24. h3 Qe6 25. b3 Nc8 26. Qb5 Rh7 27. c4 Bd3 28. Qxd5 Qxd5 29. cxd5 Bxf1 30. Kxf1 Nb6 31. d6 Bf8 32. Ke2 Kf7 33. Kd3 Ke6 34. Rc1 Rf7 35. Ke4 g5 36. Rc5 gxf4 37. d5+ Kd7 38. e6+ Kxd6 39. Bb4 Nxd5 40. exf7 Nxb4 41. Re5 Nxa2 42. Re8 Bh6 43. f8Q+ Bxf8 44. Rxf8 Nc1 45. Rxf4 Nxb3 46. Rxh4 a5 47. Kd3 b5 48. Kc3 Nc5 49. Rh6+ Kd5 50. Rh5+ Kc6 51. g4 a4 52. Rh6+ Kd5 53. Kb4 a3 54. Kxa3 Kc4 55. Rc6 1-0

[Event "HUN-chT2 Erkel 1718"]
[Site "Hungary"]
[Date "2018.03.25"]
[Round "10.2"]
[White "Domany, Mihaly"]
[Black "Terbe, Zsuzsanna"]
[Result "1/2-1/2"]
[WhiteElo "2204"]
[BlackElo "2136"]
[PlyCount "43"]
[EventDate "2017.09.24"]
[EventType "team-tourn"]
[EventRounds "11"]
[EventCountry "HUN"]
[SourceTitle "EXT 2021"]
[Source "ChessBase"]
[SourceDate "2020.10.23"]
[SourceVersion "1"]
[SourceVersionDate "2020.10.23"]
[SourceQuality "1"]
[WhiteTeam "Gyongyos Energia"]
[BlackTeam "Budapest MTK II"]
[WhiteTeamCountry "HUN"]
[BlackTeamCountry "HUN"]

1. e4 c5 2. Nc3 Nc6 3. Bb5 Nd4 4. Bc4 g6 5. d3 Bg7 6. Nf3 e6 7. 0-0 Ne7 8. Nxd4 cxd4 9. Ne2 0-0 10. f3 d5 11. Bb3 h6 12. Qe1 dxe4 13. fxe4 Nc6 14. Bd2 Bd7 15. Qc1 Kh7 16. Qe1 Rc8 17. Qg3 Qe7 18. Nf4 a6 19. Nh3 Kg8 20. Nf2 Kh7 21. Nh3 Kg8 22. Nf2 1/2-1/2

[Event "HUN-chT2 Erkel 1516"]
[Site "Hungary"]
[Date "2016.02.14"]
[Round "7.2"]
[White "Domany, Mihaly"]
[Black "Franchini, Gabriele"]
[Result "1/2-1/2"]
[WhiteElo "2220"]
[BlackElo "2189"]
[PlyCount "90"]
[EventDate "2015.09.13"]
[EventType "team-tourn"]
[EventRounds "11"]
[EventCountry "HUN"]
[SourceTitle "EXT 2017"]
[Source "ChessBase"]
[SourceDate "2016.10.25"]
[SourceVersion "1"]
[SourceVersionDate "2016.10.25"]
[SourceQuality "1"]
[WhiteTeam "Paszto"]
[BlackTeam "MAFC"]
[WhiteTeamCountry "HUN"]
[BlackTeamCountry "HUN"]

1. Nf3 Nf6 2. g3 d5 3. d4 Bf5 4. Bg2 e6 5. 0-0 Bd6 6. Nbd2 h6 7. b3 0-0 8. Bb2 Nbd7 9. h3 Qe7 10. Re1 Ba3 11. Qc1 Bxb2 12. Qxb2 Bh7 13. Ne5 Rfd8 14. Qc3 Rac8 15. Nxd7 Qxd7 16. Rac1 b6 17. Qb2 c5 18. c3 Rc7 19. dxc5 Rxc5 20. c4 d4 21. Rcd1 e5 22. Nf3 Qc7 23. Nd2 a5 24. a3 Qd6 25. Rc1 e4 26. Nf1 e3 27. fxe3 dxe3 28. Red1 Qxd1 29. Rxd1 Rxd1 30. Kh2 Ne4 31. Nxe3 Rd2 32. Qc1 Rxe2 33. Nd5 Nd2 34. Kh1 Be4 35. Bxe4 Nxe4 36. Qg1 Rd2 37. Qe3 Nf2+ 38. Kg2 Rb2 39. Kf3 Nxh3 40. Qe8+ Kh7 41. Qe4+ g6 42. Nf6+ Kg7 43. Nh5+ Kh7 44. Nf6+ Kg7 45. Nh5+ Kh7 1/2-1/2

[Event "HUN-chT2 Erkel 1516"]
[Site "Hungary"]
[Date "2015.10.04"]
[Round "2.2"]
[White "Szabolcsi, Janos"]
[Black "Domany, Mihaly"]
[Result "1-0"]
[WhiteElo "2313"]
[BlackElo "2220"]
[PlyCount "113"]
[EventDate "2015.09.13"]
[EventType "team-tourn"]
[EventRounds "11"]
[EventCountry "HUN"]
[SourceTitle "CBM 170 Extra"]
[Source "ChessBase"]
[SourceDate "2016.02.25"]
[SourceVersion "1"]
[SourceVersionDate "2016.02.25"]
[SourceQuality "1"]
[WhiteTeam "Budapest MTK II"]
[BlackTeam "Paszto"]
[WhiteTeamCountry "HUN"]
[BlackTeamCountry "HUN"]

1. d4 Nf6 2. Nf3 g6 3. g3 Bg7 4. Bg2 d5 5. 0-0 0-0 6. Bf4 c6 7. Qc1 Re8 8. Rd1 Ne4 9. c4 e6 10. Nc3 Nxc3 11. Qxc3 Nd7 12. Rac1 h6 13. h4 Kh7 14. Qc2 f5 15. b4 Qe7 16. b5 cxb5 17. cxb5 Nb6 18. e3 Bd7 19. Bf1 Rec8 20. Qb3 Bf8 21. Ne5 Qa3 22. Qb1 Be8 23. g4 Qa4 24. h5 g5 25. Bg3 Ba3 26. Rxc8 Rxc8 27. gxf5 Qc2 28. fxe6 Qxb1 29. Rxb1 Bxh5 30. Kg2 Bg6 31. Nxg6 Kxg6 32. Be5 Kf5 33. Kg3 h5 34. Be2 h4+ 35. Kh3 Be7 36. f4 gxf4 37. Bg4+ Ke4 38. Bxf4 Rc2 39. Rf1 Rc8 40. Bh6 Kd3 41. Rf7 Re8 42. Rg7 Nc8 43. Bg5 Bxg5 44. Rxg5 Kxe3 45. Rxd5 Nb6 46. Rd6 Ke4 47. Kxh4 Kf4 48. Bh5 Nc4 49. Bxe8 Nxd6 50. Bd7 Ke4 51. e7 Kxd4 52. e8Q Nxe8 53. Bxe8 Kc5 54. Kg5 Kb4 55. Kf5 Ka3 56. Bc6 b6 57. Ke5 1-0

[Event "HUN-chT2 Erkel 1415"]
[Site "Hungary"]
[Date "2015.03.22"]
[Round "8.2"]
[White "Egyed, Andras"]
[Black "Domany, Mihaly"]
[Result "1/2-1/2"]
[WhiteElo "2246"]
[BlackElo "2214"]
[PlyCount "60"]
[EventDate "2014.09.28"]
[EventType "team-tourn"]
[EventRounds "9"]
[EventCountry "HUN"]
[SourceTitle "EXT 2016"]
[Source "ChessBase"]
[SourceDate "2015.10.08"]
[SourceVersion "1"]
[SourceVersionDate "2015.10.08"]
[SourceQuality "1"]
[WhiteTeam "Matra"]
[BlackTeam "Paszto"]
[WhiteTeamCountry "HUN"]
[BlackTeamCountry "HUN"]

1. d4 Nf6 2. c4 g6 3. Nc3 d5 4. Qb3 dxc4 5. Qxc4 Bg7 6. Bf4 c6 7. Nf3 0-0 8. Qb3 Nbd7 9. e3 a6 10. Be2 h6 11. h3 Nb6 12. Be5 Be6 13. Qc2 Bc4 14. Bxf6 exf6 15. Bxc4 Nxc4 16. 0-0 f5 17. Ne2 Nb6 18. Nf4 Nd5 19. Nd3 Qe7 20. a3 Rfe8 21. Rfe1 Qd6 22. Rac1 Re7 23. Nc5 Rae8 24. Qb3 Qb8 25. Qc2 Qd6 26. Rcd1 Kh8 27. Qb3 Qc7 28. Rc1 Qb8 29. Qc2 Qd6 30. Qb3 Qb8 1/2-1/2

[Event "HUN-chT2 Erkel 1415"]
[Site "Hungary"]
[Date "2014.12.14"]
[Round "6.3"]
[White "Gubics, Peter"]
[Black "Domany, Mihaly"]
[Result "1/2-1/2"]
[WhiteElo "2091"]
[BlackElo "2214"]
[PlyCount "22"]
[EventDate "2014.09.28"]
[EventType "team-tourn"]
[EventRounds "9"]
[EventCountry "HUN"]
[SourceTitle "EXT 2016"]
[Source "ChessBase"]
[SourceDate "2015.10.08"]
[SourceVersion "1"]
[SourceVersionDate "2015.10.08"]
[SourceQuality "1"]
[WhiteTeam "Fot"]
[BlackTeam "Paszto"]
[WhiteTeamCountry "HUN"]
[BlackTeamCountry "HUN"]

1. Nf3 Nf6 2. c4 e6 3. g3 b6 4. Bg2 Bb7 5. 0-0 Be7 6. Nc3 c5 7. d4 cxd4 8. Qxd4 d6 9. Rd1 0-0 10. b3 Nbd7 11. Bb2 Nc5 1/2-1/2

[Event "HUN-chT2 Erkel 1415"]
[Site "Hungary"]
[Date "2014.11.16"]
[Round "2.4"]
[White "Domany, Mihaly"]
[Black "Rigo, Janos"]
[Result "0-1"]
[WhiteElo "2214"]
[BlackElo "2265"]
[PlyCount "130"]
[EventDate "2014.09.28"]
[EventType "team-tourn"]
[EventRounds "9"]
[EventCountry "HUN"]
[SourceTitle "EXT 2016"]
[Source "ChessBase"]
[SourceDate "2015.10.08"]
[SourceVersion "1"]
[SourceVersionDate "2015.10.08"]
[SourceQuality "1"]
[WhiteTeam "Paszto"]
[BlackTeam "HASE"]
[WhiteTeamCountry "HUN"]
[BlackTeamCountry "HUN"]

1. e4 c5 2. Nf3 Nc6 3. d4 cxd4 4. Nxd4 Nf6 5. Nc3 d6 6. Bg5 Qb6 7. Nb3 e6 8. Qd2 Be7 9. Be2 0-0 10. 0-0 a6 11. Kh1 Rd8 12. Be3 Qc7 13. f4 b5 14. a3 Bb7 15. Bf3 Rac8 16. Qf2 Qb8 17. Rad1 Qa8 18. Bb6 Re8 19. Rfe1 Nb8 20. Qe2 Nbd7 21. Bf2 e5 22. Na5 Qb8 23. Nxb7 Qxb7 24. Na2 Qc7 25. Nb4 exf4 26. c3 Nc5 27. Qd2 a5 28. Nd5 Nxd5 29. exd5 Na4 30. Re2 Bf6 31. Rde1 Rxe2 32. Rxe2 Be5 33. Bd4 f6 34. h3 Rb8 35. Qc2 g6 36. Qd1 Kg7 37. Kh2 Rb7 38. Kh1 Qd7 39. Qd2 h5 40. Kh2 Nb6 41. Bxb6 Rxb6 42. Kh1 Qb7 43. Re4 Qb8 44. c4 a4 45. Qa5 Kh6 46. cxb5 Rxb5 47. Qxa4 Rxb2 48. Rb4 Rxb4 49. axb4 Qb6 50. b5 Qc5 51. Qb3 Qc1+ 52. Qd1 Qe3 53. Qg1 Bd4 54. Qxe3 Bxe3 55. g3 fxg3 56. Kg2 h4 57. Bd1 f5 58. Kf3 Bd4 59. b6 Bxb6 60. Be2 Kg5 61. Bb5 Kf6 62. Be8 g5 63. Bd7 Ke5 64. Be6 Ba5 65. Ke3 g4 0-1

[Event "HUN-chT2 Erkel 1314"]
[Site "Hungary"]
[Date "2014.02.02"]
[Round "6.4"]
[White "Domany, Mihaly"]
[Black "Vass, Istvan"]
[Result "1/2-1/2"]
[WhiteElo "2216"]
[BlackElo "2058"]
[PlyCount "20"]
[EventDate "2013.09.08"]
[EventType "team-tourn"]
[EventRounds "11"]
[EventCountry "HUN"]
[SourceTitle "EXT 2016"]
[Source "ChessBase"]
[SourceDate "2015.10.08"]
[SourceVersion "1"]
[SourceVersionDate "2015.10.08"]
[SourceQuality "1"]
[WhiteTeam "Paszto"]
[BlackTeam "Budapest MAFC"]
[WhiteTeamCountry "HUN"]
[BlackTeamCountry "HUN"]

1. e4 c5 2. Nf3 d6 3. d4 cxd4 4. Nxd4 Nf6 5. Nc3 a6 6. Be2 e5 7. Nb3 Be6 8. f4 Qc7 9. f5 Bxb3 10. axb3 Be7 1/2-1/2

[Event "HUN-chT2 Erkel 1213"]
[Site "Hungary"]
[Date "2013.03.24"]
[Round "9.5"]
[White "Matuska, Miklos"]
[Black "Domany, Mihaly"]
[Result "1/2-1/2"]
[WhiteElo "2149"]
[BlackElo "2230"]
[PlyCount "20"]
[EventDate "2012.09.16"]
[EventType "team-tourn"]
[EventRounds "11"]
[EventCountry "HUN"]
[SourceTitle "EXT 2014"]
[Source "ChessBase"]
[SourceDate "2013.11.20"]
[SourceVersion "1"]
[SourceVersionDate "2013.11.20"]
[SourceQuality "1"]
[WhiteTeam "Pestszentlorinc"]
[BlackTeam "Paszto"]
[WhiteTeamCountry "HUN"]
[BlackTeamCountry "HUN"]

1. Nf3 c5 2. c4 g6 3. Nc3 Nc6 4. g3 Bg7 5. Bg2 d6 6. d3 e5 7. Rb1 Nge7 8. a3 a5 9. Bd2 0-0 10. 0-0 f5 1/2-1/2

[Event "HUN-chT2 Erkel 1213"]
[Site "Hungary"]
[Date "2013.01.27"]
[Round "6.4"]
[White "Gubics, Peter"]
[Black "Domany, Mihaly"]
[Result "1/2-1/2"]
[WhiteElo "2127"]
[BlackElo "2230"]
[PlyCount "26"]
[EventDate "2012.09.16"]
[EventType "team-tourn"]
[EventRounds "11"]
[EventCountry "HUN"]
[SourceTitle "EXT 2014"]
[Source "ChessBase"]
[SourceDate "2013.11.20"]
[SourceVersion "1"]
[SourceVersionDate "2013.11.20"]
[SourceQuality "1"]
[WhiteTeam "Foti"]
[BlackTeam "Paszto"]
[WhiteTeamCountry "HUN"]
[BlackTeamCountry "HUN"]

1. Nf3 b5 2. e4 Bb7 3. Bxb5 Bxe4 4. 0-0 Nf6 5. Nc3 Bc6 6. d4 Bxb5 7. Nxb5 c6 8. Nc3 e6 9. Bf4 Be7 10. Qe2 0-0 11. Ne4 Nxe4 12. Qxe4 d5 13. Qe3 Nd7 1/2-1/2

[Event "HUN-chT2 Erkel 1112"]
[Site "Hungary"]
[Date "2012.02.19"]
[Round "6.3"]
[White "Imecs, Laszlo"]
[Black "Domany, Mihaly"]
[Result "1/2-1/2"]
[WhiteElo "2114"]
[BlackElo "2209"]
[PlyCount "33"]
[EventDate "2011.09.25"]
[EventType "team-tourn"]
[EventRounds "11"]
[EventCountry "HUN"]
[SourceTitle "EXT 2013"]
[Source "ChessBase"]
[SourceDate "2012.11.22"]
[SourceVersion "1"]
[SourceVersionDate "2012.11.22"]
[SourceQuality "1"]
[WhiteTeam "Vaci"]
[BlackTeam "Paszto"]
[WhiteTeamCountry "HUN"]
[BlackTeamCountry "HUN"]

1. d4 Nf6 2. c4 g6 3. Nc3 d5 4. Nf3 Bg7 5. e3 0-0 6. Bd3 c5 7. 0-0 Nc6 8. cxd5 Nxd5 9. Be4 Be6 10. Nxd5 Bxd5 11. Bxd5 Qxd5 12. dxc5 Qxc5 13. Bd2 Bxb2 14. Rb1 Bf6 15. Rxb7 Rfd8 16. Qc1 Qd6 17. h3 1/2-1/2

[Event "HUN-chT2 Erkel 0910"]
[Site "Hungary"]
[Date "2010.02.28"]
[Round "7.3"]
[White "Domany, Mihaly"]
[Black "Szekeres, Sandor"]
[Result "1-0"]
[WhiteElo "2203"]
[BlackElo "2061"]
[PlyCount "96"]
[EventDate "2009.11.08"]
[EventType "team-tourn"]
[EventRounds "11"]
[EventCountry "HUN"]
[SourceTitle "EXT 2011"]
[Source "ChessBase"]
[SourceDate "2010.11.26"]
[SourceVersion "1"]
[SourceVersionDate "2010.11.26"]
[SourceQuality "1"]
[WhiteTeam "Paszto"]
[BlackTeam "Jaszbereny"]
[WhiteTeamCountry "HUN"]
[BlackTeamCountry "HUN"]

1. e4 c5 2. Nf3 Nc6 3. d4 cxd4 4. Nxd4 Nf6 5. Nc3 e5 6. Ndb5 d6 7. Bg5 a6 8. Na3 b5 9. Nd5 Be7 10. Bxf6 Bxf6 11. c3 Ne7 12. Nxf6+ gxf6 13. Nc2 Bb7 14. Bd3 f5 15. exf5 e4 16. Be2 Nxf5 17. Bg4 Nh4 18. Ne3 0-0 19. g3 Nf3+ 20. Bxf3 exf3 21. Qd4 f5 22. 0-0-0 Rf6 23. g4 fxg4 24. Nxg4 Rg6 25. Rhg1 Qg5+ 26. Kb1 Rf8 27. h3 h5 28. Qd3 Kg7 29. Ne3 Qf6 30. Rxg6+ Qxg6 31. Qxg6+ Kxg6 32. Rxd6+ Rf6 33. Rxf6+ Kxf6 34. h4 Ke5 35. Kc2 Ke4 36. Kd2 Bc6 37. b3 Bb7 38. Nf1 Kf4 39. Ne3 Ke4 40. Nf1 Kf4 41. Ne3 Ke4 42. c4 Bc6 43. Nd5 bxc4 44. bxc4 Kd4 45. Nf6 Kxc4 46. Nxh5 Kd4 47. Ng3 Bd5 48. a3 a5 1-0

[Event "Eger Osz op"]
[Site "Eger"]
[Date "2009.10.22"]
[Round "1"]
[White "Szego, Krisztian"]
[Black "Domany, Mihaly"]
[Result "0-1"]
[WhiteElo "1844"]
[BlackElo "2203"]
[PlyCount "80"]
[EventDate "2009.10.22"]
[EventType "swiss"]
[EventRounds "7"]
[EventCountry "HUN"]
[SourceTitle "EXT 2011"]
[Source "ChessBase"]
[SourceDate "2010.11.26"]
[SourceVersion "1"]
[SourceVersionDate "2010.11.26"]
[SourceQuality "1"]

1. e4 e5 2. Nf3 Nc6 3. Bb5 a6 4. Ba4 Nf6 5. 0-0 Be7 6. Re1 b5 7. Bb3 0-0 8. c3 d5 9. exd5 Nxd5 10. Nxe5 Nxe5 11. Rxe5 Nf6 12. d4 Bd6 13. Re2 Nh5 14. Nd2 Nf4 15. Re3 Qh4 16. h3 Bxh3 17. Rxh3 Nxh3+ 18. gxh3 Qxh3 19. Qf3 Bh2+ 20. Kh1 Qh6 21. Kg2 Bf4 22. Bd5 Rae8 23. Nb3 Bxc1 24. Rxc1 Qg5+ 25. Kf1 c6 26. Bxc6 Re6 27. Re1 Rf6 28. Re5 Qg6 29. Qg2 Rxc6 30. Qxg6 Rxg6 31. Nc5 Rd6 32. a3 g6 33. Kg2 h5 34. f4 Rc8 35. Kg3 Kf8 36. Ne4 Rdc6 37. d5 Rb6 38. d6 Rd8 39. Kh4 f5 40. Ng5 Rdxd6 0-1

[Event "HUN-chT2 Erkel 0809"]
[Site "Hungary"]
[Date "2009.03.08"]
[Round "9.5"]
[White "Domany, Mihaly"]
[Black "Molnar, Laszlo1111"]
[Result "1/2-1/2"]
[WhiteElo "2195"]
[BlackElo "2147"]
[PlyCount "46"]
[EventDate "2008.10.26"]
[EventType "team-tourn"]
[EventRounds "11"]
[EventCountry "HUN"]
[SourceTitle "EXT 2010"]
[Source "ChessBase"]
[SourceDate "2010.11.25"]
[SourceVersion "1"]
[SourceVersionDate "2010.11.25"]
[SourceQuality "1"]
[WhiteTeam "Paszto"]
[BlackTeam "Keviterv"]
[WhiteTeamCountry "HUN"]
[BlackTeamCountry "HUN"]

1. e4 d6 2. d4 g6 3. Nc3 Bg7 4. f4 Nf6 5. Nf3 0-0 6. Bd3 c6 7. 0-0 Nbd7 8. e5 Ne8 9. Be3 e6 10. a4 b6 11. Ne4 Qc7 12. Qd2 c5 13. c3 Bb7 14. Neg5 c4 15. Bc2 Bd5 16. Qf2 f6 17. Nxh7 Kxh7 18. Qh4+ Kg8 19. Bxg6 Rf7 20. Bxf7+ Kxf7 21. exd6 Nxd6 22. Ne5+ Kg8 23. Ng6 Nf8 1/2-1/2

[Event "HUN-chT2 Erkel 0809"]
[Site "Hungary"]
[Date "2009.02.22"]
[Round "8.6"]
[White "Domany, Mihaly"]
[Black "Banhazi, Istvan"]
[Result "1/2-1/2"]
[WhiteElo "2195"]
[BlackElo "2107"]
[PlyCount "25"]
[EventDate "2008.10.26"]
[EventType "team-tourn"]
[EventRounds "11"]
[EventCountry "HUN"]
[SourceTitle "EXT 2010"]
[Source "ChessBase"]
[SourceDate "2010.11.25"]
[SourceVersion "1"]
[SourceVersionDate "2010.11.25"]
[SourceQuality "1"]
[WhiteTeam "Paszto"]
[BlackTeam "MAFC"]
[WhiteTeamCountry "HUN"]
[BlackTeamCountry "HUN"]

1. e4 c5 2. Nc3 Nc6 3. Bb5 Nd4 4. Bc4 d6 5. d3 g6 6. h3 Bg7 7. Nf3 e6 8. 0-0 Ne7 9. a3 Nec6 10. Nxd4 Nxd4 11. Ne2 0-0 12. c3 Nxe2+ 13. Qxe2 1/2-1/2

[Event "HUN-chT2 Erkel 0809"]
[Site "Hungary"]
[Date "2009.02.08"]
[Round "7.5"]
[White "Domany, Mihaly"]
[Black "Pal, Geza"]
[Result "0-1"]
[WhiteElo "2195"]
[BlackElo "2235"]
[PlyCount "98"]
[EventDate "2008.10.26"]
[EventType "team-tourn"]
[EventRounds "11"]
[EventCountry "HUN"]
[SourceTitle "EXT 2010"]
[Source "ChessBase"]
[SourceDate "2010.11.25"]
[SourceVersion "1"]
[SourceVersionDate "2010.11.25"]
[SourceQuality "1"]
[WhiteTeam "Paszto"]
[BlackTeam "PSE II"]
[WhiteTeamCountry "HUN"]
[BlackTeamCountry "HUN"]

1. e4 g6 2. d4 Bg7 3. Nc3 d6 4. f4 Nf6 5. Nf3 0-0 6. Bd3 Nc6 7. 0-0 Bg4 8. Ne2 e5 9. fxe5 dxe5 10. d5 Bxf3 11. Rxf3 Nb4 12. Bg5 Qd6 13. Bxf6 Bxf6 14. a3 Nxd3 15. Rxd3 Bg7 16. Kh1 f5 17. Ng3 Rf7 18. c4 a5 19. Qg1 b6 20. Re1 Bf8 21. Rf1 Qd7 22. Rfd1 Bc5 23. Qe1 Qe7 24. Rf3 Raf8 25. Qe2 Bd6 26. c5 Bxc5 27. exf5 gxf5 28. Rdf1 f4 29. Ne4 Bd6 30. Rh3 Rg7 31. Rh6 Rg6 32. Rxg6+ hxg6 33. Qd3 Kg7 34. Rc1 Qh4 35. h3 f3 36. Kh2 fxg2 37. Kxg2 Rf4 38. Nxd6 cxd6 39. Qe3 Qg5+ 40. Kh2 Qf5 41. Rc3 Rf2+ 42. Kg3 Rxb2 43. h4 a4 44. Rc7+ Kg8 45. Rc3 Kf7 46. Rc7+ Ke8 47. Rc3 Kd7 48. Qh6 Qf2+ 49. Kg4 Qd4+ 0-1